Alphabetical word chain - Statistics

General Stats
  • This quiz has been taken 43 times
    24 since last reset
  • The average score is 17 of 24
Answer Stats
Hint Answer % Correct
Nationality of most people in the Middle East Arab
100%
To stop living Die
100%
A way to greet somebody Hi
95%
To murder, or end someone's life Kill
95%
The opposite of women Men
95%
Plague that killed almost 200 million people from 1347 to 1351 Bubonic
91%
Media storage format in the shape of a disc CD
91%
A small, usually green amphibian Frog
91%
Abbreviation for "over powered" OP
86%
Often found on candles, and in ears Wax
86%
Rubbish, Trash, Garbage, etc. Junk
82%
Light waves that aren't visible to the naked eye (Abbreviation) UV
82%
To look at or see View
77%
Speech or writing that makes not sense Gibberish
73%
To not agree, or deny No
73%
Spanish word for "You" Tu
73%
A wave able to pass through seemingly opaque objects X-ray
73%
Electromagnetic Field abbreviation EMF
64%
A stand or table commonly used to weave clothing Loom
55%
To be faster or more speedy. Quicker
27%
A specific direction or way to get from one place to another Route
27%
Nickname for famous Boston Red Sox outfielder who played from 1961-1983 Yaz
27%
Esperanto for "hers" Iaj
18%
A difficult or unusual feat performed by someone Stunt
14%
No matching quizzes found
Score Distribution
Percent of People with Each Score
Percentile by Number Answered
Your Score History
You have not taken this quiz since the last reset